La formación de patrimonios-dinero: ¿un punto de partida teórico-histórico para el estudio de los antecedentes del desarrollo del capitalismo en América Latina? Un esbozo de análisis
Guardado en:
| Hovedforfatter: | |
|---|---|
| Format: | Texto |
| Udgivet: |
s.n.t :
|
| Tags: |
Tilføj Tag
Ingen Tags, Vær først til at tagge denne postø!
|
MARC
| LEADER | 00000 a a2200000 04500 | ||
|---|---|---|---|
| 001 | 15088 | ||
| 003 | |||
| 040 | |a CRAI/IIS |c CRAI/IIS | ||
| 090 | |a 028200 | ||
| 100 | |a Rovira Mas, Jorge | ||
| 245 | |a La formación de patrimonios-dinero: ¿un punto de partida teórico-histórico para el estudio de los antecedentes del desarrollo del capitalismo en América Latina? Un esbozo de análisis | ||
| 260 | |a s.n.t : | ||
| 300 | |a 44 p. | ||
| 500 | |a También EN: Anuario de Estudios Centroamericanos (UCR. IIS), n° 8, 1982, pp. 101-12# acceso CIDCACS: 098407 | ||
| 999 | |c 11585 |d 11585 | ||
